[Event "Toronto-ch U20"]
[Site "Toronto CAN"]
[Date "2008.12.02"]
[Round "4"]
[White "Orlova, Yelizaveta"]
[Black "Kleinman, Michael"]
[Result "1/2-1/2"]
[WhiteElo "2035"]
[BlackElo "2007"]
[PlyCount "129"]
[GameId "2160767910294403"]
[EventDate "2008.11.11"]
[EventType "tourn"]
[EventRounds "5"]
[EventCountry "CAN"]
[SourceTitle "EXT 2011"]
[Source "ChessBase"]
[SourceDate "2011.11.26"]
[SourceVersion "1"]
[SourceVersionDate "2011.11.26"]
[SourceQuality "1"]

1. d4 Nf6 2. Nf3 g6 3. g3 Bg7 4. Bg2 O-O 5. O-O d5 6. Ne5 c5 7. c3 b6 8. Nd2 Bb7 9. b3 Nbd7 10. f4 Rc8 11. Bb2 Ne4 12. Bh3 f5 13. g4 Nxe5 14. fxe5 e6 15. e3 Qh4 16. Nxe4 fxe4 17. Bg2 Ba6 18. Rxf8+ Rxf8 19. Qd2 Qxg4 20. Rc1 Bd3 21. c4 cxd4 22. Bxd4 dxc4 23. bxc4 Rf5 24. Qb2 Rg5 25. Kh1 Be2 26. Rg1 Bf3 27. Qf2 Bxg2+ 28. Qxg2 Qxg2+ 29. Rxg2 Rxg2 30. Kxg2 Bf8 31. Kg3 g5 32. Kg4 Be7 33. a4 Kg7 34. a5 Bd8 35. axb6 axb6 36. Kh5 h6 37. c5 bxc5 38. Bxc5 Bc7 39. Bd4 Bd8 40. Bb2 Bb6 41. Bc1 Ba5 42. Bb2 Be1 43. Bd4 Bf2 44. Bc5 Kh7 45. Bb6 Bg1 46. h3 Bh2 47. Bc7 Kg7 48. Bd6 Bg3 49. Bc7 Be1 50. Bd8 Bd2 51. Bb6 Bb4 52. Bd4 Ba5 53. Bb2 Bb6 54. Bc1 Bd8 55. Ba3 Ba5 56. Bb2 Bb4 57. Bd4 Ba3 58. Bb6 Bb4 59. Bd4 Ba3 60. Bb6 Be7 61. Bd4 Bf8 62. Bb6 Kf7 63. Bd4 Kg7 64. Bb6 Kf7 65. Bd4 1/2-1/2

[Event "Toronto-ch U20"]
[Site "Toronto CAN"]
[Date "2008.12.02"]
[Round "4"]
[White "Sapozhnikov, Roman"]
[Black "Gusev, Nikita"]
[Result "1-0"]
[WhiteElo "2264"]
[BlackElo "2048"]
[PlyCount "151"]
[GameId "2160767910294404"]
[EventDate "2008.11.11"]
[EventType "tourn"]
[EventRounds "5"]
[EventCountry "CAN"]
[SourceTitle "EXT 2011"]
[Source "ChessBase"]
[SourceDate "2011.11.26"]
[SourceVersion "1"]
[SourceVersionDate "2011.11.26"]
[SourceQuality "1"]

1. e4 e5 2. Nf3 Nc6 3. Bb5 f5 4. d3 fxe4 5. dxe4 Nf6 6. O-O Bc5 7. Qe2 d6 8. Qc4 Qe7 9. Nc3 a6 10. Bxc6+ bxc6 11. Be3 Be6 12. Qa4 Bxe3 13. Qxc6+ Kf7 14. fxe3 Rhc8 15. Nd5 Qd7 16. Qc3 Bxd5 17. exd5 Kg8 18. Rad1 Qb5 19. Qd2 c6 20. dxc6 Rxc6 21. c3 Rb8 22. Rb1 Qc4 23. a3 Rb5 24. Qc2 h6 25. Nd2 Qe2 26. Rbe1 Qg4 27. h3 Qg3 28. Ne4 Nxe4 29. Qxe4 d5 30. Qc2 Rf6 31. Qe2 Rbb6 32. Qd2 Kh7 33. Rxf6 Rxf6 34. Re2 Rd6 35. Rf2 Qg6 36. Qc2 e4 37. Qd2 Qe6 38. Qd4 Rd8 39. c4 Qc6 40. Rd2 Re8 41. Qxd5 Qf6 42. Qd4 Qf5 43. Rf2 Qa5 44. Rd2 Qf5 45. Qd7 Qa5 46. Qd5 Qb6 47. c5 Qa7 48. b4 Qe7 49. Qf5+ Kh8 50. Qd7 Qe5 51. Qd4 Qe6 52. Rf2 Qb3 53. Qd7 Rg8 54. c6 Qxe3 55. c7 Rf8 56. Qd2 Qa7 57. Kh1 Rxf2 58. c8=Q+ Kh7 59. Qe1 e3 60. Qb1+ g6 61. Qe6 Rf5 62. Qbe4 Rf1+ 63. Kh2 Qg7 64. Qxe3 Rf6 65. Qe7 Rf7 66. Q7e5 Qf8 67. Qb6 Qa8 68. Qee6 Rg7 69. Qxa6 Qd8 70. Qed6 Qe8 71. b5 Rd7 72. Qg3 Re7 73. Qc6 Qf7 74. b6 Re6 75. Qcc7 Re7 76. Qxe7 1-0

[Event "Toronto-ch U20"]
[Site "Toronto CAN"]
[Date "2008.12.09"]
[Round "5"]
[White "Calugar, Arthur"]
[Black "Orlova, Yelizaveta"]
[Result "1-0"]
[WhiteElo "2230"]
[BlackElo "2035"]
[PlyCount "71"]
[GameId "2160767910294405"]
[EventDate "2008.11.11"]
[EventType "tourn"]
[EventRounds "5"]
[EventCountry "CAN"]
[SourceTitle "EXT 2011"]
[Source "ChessBase"]
[SourceDate "2011.11.26"]
[SourceVersion "1"]
[SourceVersionDate "2011.11.26"]
[SourceQuality "1"]

1. b3 c5 2. Bb2 Nc6 3. Nf3 d5 4. e3 Nf6 5. Bb5 Bd7 6. c4 Nb4 7. Bxd7+ Qxd7 8. O-O Qf5 9. Nc3 e6 10. Nb5 Na6 11. d4 Be7 12. dxc5 Bxc5 13. Bxf6 gxf6 14. cxd5 exd5 15. Nfd4 Qg5 16. Qf3 O-O 17. Rfd1 Rad8 18. Nf5 Rfe8 19. Rac1 Re5 20. Nbd4 Ba3 21. Rc2 Nb4 22. Rcd2 a6 23. Qh3 Re4 24. f4 Qg6 25. Rf2 Kh8 26. Rf3 Qg8 27. Qh4 Qg6 28. Rg3 Rg8 29. Rxg6 Rxg6 30. Rf1 Nc6 31. Nxc6 bxc6 32. Rf3 Bf8 33. Rh3 h6 34. g4 Kg8 35. Rg3 c5 36. Qh5 1-0

[Event "Toronto-ch U20"]
[Site "Toronto CAN"]
[Date "2008.12.09"]
[Round "5"]
[White "Gusev, Nikita"]
[Black "Hambleton, Aman"]
[Result "0-1"]
[WhiteElo "2048"]
[BlackElo "2060"]
[PlyCount "120"]
[GameId "2160767910294406"]
[EventDate "2008.11.11"]
[EventType "tourn"]
[EventRounds "5"]
[EventCountry "CAN"]
[SourceTitle "EXT 2011"]
[Source "ChessBase"]
[SourceDate "2011.11.26"]
[SourceVersion "1"]
[SourceVersionDate "2011.11.26"]
[SourceQuality "1"]

1. e4 e6 2. d4 d5 3. Nc3 Bb4 4. Nge2 Nc6 5. a3 Ba5 6. b4 Bb6 7. g3 dxe4 8. Be3 Nf6 9. Bg2 e5 10. dxe5 Qxd1+ 11. Rxd1 Nxe5 12. Nxe4 Nxe4 13. Bxe4 Bxe3 14. fxe3 c6 15. Nd4 Bg4 16. Rd2 O-O-O 17. O-O Rhe8 18. Bd3 Kc7 19. Rf4 g6 20. Rf6 Re7 21. Rdf2 Bh3 22. Bf1 Bxf1 23. Rxf1 Rd6 24. b5 Rxf6 25. Rxf6 c5 26. Nb3 Nd7 27. Rf3 f5 28. Nd2 Nf6 29. Kf2 Ng4+ 30. Ke2 Nxh2 31. Rf4 Ng4 32. Nc4 Nf6 33. Kd3 Nh5 34. Rf3 Re4 35. Nd2 Rg4 36. e4 Nxg3 37. exf5 Rd4+ 38. Ke3 Nxf5+ 39. Ke2 Rd7 40. c3 Re7+ 41. Kf2 Kb6 42. a4 h5 43. Rf4 Re6 44. Nc4+ Kc7 45. Kf3 Nd6 46. Nxd6 Rxd6 47. Rf7+ Kb6 48. c4 Rd3+ 49. Ke2 Rd4 50. Rf6+ Ka5 51. Rxg6 Kxa4 52. b6 axb6 53. Rxb6 Rxc4 54. Rxb7 Rb4 55. Rh7 h4 56. Kd3 Kb3 57. Rh5 c4+ 58. Kd2 Kb2 59. Rc5 h3 60. Kd1 c3 0-1

[Event "Toronto-ch U20"]
[Site "Toronto CAN"]
[Date "2008.12.09"]
[Round "5"]
[White "Kleinman, Michael"]
[Black "Sapozhnikov, Roman"]
[Result "0-1"]
[WhiteElo "2007"]
[BlackElo "2264"]
[PlyCount "140"]
[GameId "2160767910294407"]
[EventDate "2008.11.11"]
[EventType "tourn"]
[EventRounds "5"]
[EventCountry "CAN"]
[SourceTitle "EXT 2011"]
[Source "ChessBase"]
[SourceDate "2011.11.26"]
[SourceVersion "1"]
[SourceVersionDate "2011.11.26"]
[SourceQuality "1"]

1. d4 Nf6 2. Nf3 g6 3. Nc3 d5 4. Bf4 c6 5. e3 Bg7 6. Be2 O-O 7. O-O Bf5 8. h3 h6 9. Bh2 Nbd7 10. b4 Ne4 11. Nxe4 Bxe4 12. Bd3 f5 13. Ne1 e5 14. Be2 exd4 15. exd4 f4 16. f3 Bf5 17. Bxf4 Bxc2 18. Nxc2 Rxf4 19. g3 Rf8 20. Qd3 Qf6 21. Rab1 Rae8 22. f4 Nb6 23. Bg4 h5 24. Bf3 Nc4 25. Rbe1 b5 26. Re2 Nd6 27. Rfe1 Rxe2 28. Rxe2 h4 29. Bg4 Ne4 30. Rxe4 dxe4 31. Qxe4 hxg3 32. Be6+ Kh8 33. f5 gxf5 34. Qxc6 Qh6 35. Kg2 Qd2+ 36. Kxg3 f4+ 37. Kh4 Qf2+ 38. Kh5 Qg3 39. Bg4 Bf6 40. Kg6 Qh4 41. Kf5 Bg7+ 42. Ke4 f3 43. Ne3 Qe7+ 44. Kd3 Qxb4 45. Qd5 Qb1+ 46. Nc2 Qf1+ 47. Kc3 Qc4+ 48. Qxc4 bxc4 49. Ne3 f2 50. Nf1 Re8 51. Bf3 Rd8 52. Kxc4 Rxd4+ 53. Kb5 Rd6 54. a4 Bd4 55. a5 Rf6 56. Be2 Kg7 57. Kc4 Rf4 58. Kd3 Bc5 59. Ng3 Kg6 60. a6 Bb6 61. Nf1 Kg5 62. Nh2 Kh4 63. Bf1 Ra4 64. Kd2 Kg3 65. Ng4 Ra1 66. Nxf2 Rxf1 67. Ne4+ Kxh3 68. Kd3 Ra1 69. Ng5+ Kg4 70. Nf7 Rxa6 0-1

[Event "Toronto-ch w"]
[Site "Toronto CAN"]
[Date "2008.09.14"]
[Round "1"]
[White "Baylon, Glenda"]
[Black "Barron, Irina"]
[Result "0-1"]
[WhiteElo "1880"]
[BlackElo "2030"]
[PlyCount "74"]
[GameId "2160767910311500"]
[EventDate "2008.09.14"]
[EventType "tourn"]
[EventRounds "5"]
[EventCountry "CAN"]

1. d4 Nf6 2. c4 g6 3. Nc3 c5 4. e3 Bg7 5. Nf3 O-O 6. Be2 cxd4 7. exd4 d5 8. c5 Nc6 9. O-O Ne4 10. Be3 Nxc5 11. dxc5 d4 12. Nxd4 Nxd4 13. Rc1 Nxe2+ 14. Qxe2 Be6 15. a3 Qa5 16. Rfd1 Rfd8 17. Ne4 Bb3 18. Rxd8+ Rxd8 19. Bd2 Qc7 20. Nc3 Qxc5 21. Be3 Qa5 22. h3 a6 23. Ne4 Qe5 24. Nc5 Bd5 25. b4 Bc6 26. f4 Qd5 27. Qf2 h5 28. Re1 Bb5 29. Rc1 b6 30. a4 bxc5 31. axb5 cxb4 32. bxa6 b3 33. a7 b2 34. Rf1 Qd3 35. Qf3 b1=Q 36. a8=Q Qbxf1+ 37. Qxf1 Qxf1+ 0-1

[Event "Toronto-ch w"]
[Site "Toronto CAN"]
[Date "2008.09.14"]
[Round "1"]
[White "Bogushevskaya, Natalia"]
[Black "Orlova, Yelizaveta"]
[Result "0-1"]
[WhiteElo "1855"]
[BlackElo "2001"]
[PlyCount "52"]
[GameId "2160767910311501"]
[EventDate "2008.09.14"]
[EventType "tourn"]
[EventRounds "5"]
[EventCountry "CAN"]
[SourceTitle "EXT 2011"]
[Source "ChessBase"]
[SourceDate "2011.11.26"]
[SourceVersion "1"]
[SourceVersionDate "2011.11.26"]
[SourceQuality "1"]

1. c4 c5 2. Nc3 g6 3. Nf3 Bg7 4. g3 Nc6 5. Bg2 Nh6 6. O-O Nf5 7. e4 Nfd4 8. Ne2 O-O 9. Nfxd4 Nxd4 10. Nxd4 Bxd4 11. d3 Rb8 12. Rb1 b5 13. b3 bxc4 14. dxc4 d6 15. Kh1 e5 16. f4 f6 17. h4 Rb7 18. f5 Kh8 19. g4 Rbf7 20. Qd2 Rg8 21. b4 gxf5 22. gxf5 Rfg7 23. Bh3 Rg1+ 24. Rxg1 Rxg1+ 25. Kh2 Qg8 26. Qd3 Rh1+ 0-1

[Event "Toronto-ch w"]
[Site "Toronto CAN"]
[Date "2008.09.14"]
[Round "1"]
[White "Serbanescu, Natasa"]
[Black "Kagramanov, Dalia"]
[Result "0-1"]
[WhiteElo "1850"]
[BlackElo "1801"]
[PlyCount "58"]
[GameId "2160767910311503"]
[EventDate "2008.09.14"]
[EventType "tourn"]
[EventRounds "5"]
[EventCountry "CAN"]
[SourceTitle "EXT 2011"]
[Source "ChessBase"]
[SourceDate "2011.11.26"]
[SourceVersion "1"]
[SourceVersionDate "2011.11.26"]
[SourceQuality "1"]

1. e4 c5 2. Nf3 d6 3. Bb5+ Nc6 4. h3 e6 5. d4 cxd4 6. Nxd4 Bd7 7. Nxc6 Bxc6 8. Bxc6+ bxc6 9. O-O Nf6 10. Nc3 Be7 11. Bf4 e5 12. Bg5 O-O 13. Qd2 Qc7 14. f4 Rad8 15. Qf2 h6 16. Bh4 Rb8 17. fxe5 dxe5 18. Bxf6 Bxf6 19. b3 Rbd8 20. Rad1 Rd4 21. Qg3 Qe7 22. Rd3 Rfd8 23. Rdf3 Kh7 24. Rxf6 gxf6 25. Qh4 Kg6 26. Rf5 Rg8 27. Rh5 Qc5 28. Qg4+ Kh7 29. Qf5+ Rg6 0-1

[Event "Toronto-ch w"]
[Site "Toronto CAN"]
[Date "2008.09.21"]
[Round "2"]
[White "Barron, Irina"]
[Black "Bogushevskaya, Natalia"]
[Result "1-0"]
[WhiteElo "2030"]
[BlackElo "1855"]
[PlyCount "37"]
[GameId "2160767910311504"]
[EventDate "2008.09.14"]
[EventType "tourn"]
[EventRounds "5"]
[EventCountry "CAN"]
[SourceTitle "EXT 2011"]
[Source "ChessBase"]
[SourceDate "2011.11.26"]
[SourceVersion "1"]
[SourceVersionDate "2011.11.26"]
[SourceQuality "1"]

1. d4 Nf6 2. c4 g6 3. g3 Bg7 4. Bg2 d5 5. cxd5 Nxd5 6. e4 Nb6 7. Ne2 O-O 8. Nbc3 Bg4 9. f3 Bd7 10. O-O c6 11. b3 a5 12. Be3 Na6 13. Rb1 Rc8 14. Qd2 c5 15. dxc5 Nxc5 16. Rfd1 e6 17. Bf4 e5 18. Be3 Qe7 19. Qd6 1-0

[Event "Toronto-ch w"]
[Site "Toronto CAN"]
[Date "2008.09.21"]
[Round "2"]
[White "Baylon, Glenda"]
[Black "Kagramanov, Dalia"]
[Result "1-0"]
[WhiteElo "1880"]
[BlackElo "1801"]
[PlyCount "57"]
[GameId "2160767910311505"]
[EventDate "2008.09.14"]
[EventType "tourn"]
[EventRounds "5"]
[EventCountry "CAN"]

1. d4 Nf6 2. c4 g6 3. Nc3 d5 4. e3 Bg7 5. Nf3 O-O 6. b3 c5 7. Be2 Nc6 8. Bb2 e6 9. O-O Ne4 10. Rc1 b6 11. cxd5 exd5 12. Nxe4 dxe4 13. Nd2 Qe7 14. Ba3 Nb4 15. dxc5 bxc5 16. Bxb4 cxb4 17. Rc4 Bb7 18. Qc2 Rac8 19. Rd1 Ba6 20. Rxc8 Rxc8 21. Nc4 h6 22. Qb1 Bxc4 23. Bxc4 Kh7 24. Rd5 f5 25. Qd1 Rc7 26. Rd8 Bf6 27. Rd6 Kg7 28. Qd5 Qe5 29. Qg8# 1-0

[Event "Toronto-ch w"]
[Site "Toronto CAN"]
[Date "2008.09.21"]
[Round "2"]
[White "Orlova, Yelizaveta"]
[Black "Serbanescu, Natasa"]
[Result "1-0"]
[WhiteElo "2001"]
[BlackElo "1850"]
[PlyCount "65"]
[GameId "2160767910311507"]
[EventDate "2008.09.14"]
[EventType "tourn"]
[EventRounds "5"]
[EventCountry "CAN"]
[SourceTitle "EXT 2011"]
[Source "ChessBase"]
[SourceDate "2011.11.26"]
[SourceVersion "1"]
[SourceVersionDate "2011.11.26"]
[SourceQuality "1"]

1. d4 d5 2. Nf3 Nf6 3. g3 Bg4 4. Bg2 e6 5. Ne5 Be7 6. Nxg4 Nxg4 7. e4 Nf6 8. e5 Nfd7 9. O-O c5 10. c3 Nc6 11. Be3 Rc8 12. Qg4 g6 13. h4 h5 14. Qf4 cxd4 15. cxd4 Nb4 16. Nd2 Nc2 17. Rac1 Nxe3 18. Rxc8 Qxc8 19. fxe3 Rf8 20. e4 Nb6 21. Nb3 dxe4 22. Rc1 Qd7 23. Bxe4 Nd5 24. Qf3 b6 25. Nd2 f5 26. Bxd5 exd5 27. Qf4 Kf7 28. Nf3 Ke6 29. Qh6 Qe8 30. Rc7 Rg8 31. Qh7 Rh8 32. Rxe7+ Qxe7 33. Qxh8 1-0

[Event "Toronto-ch w"]
[Site "Toronto CAN"]
[Date "2008.09.28"]
[Round "3"]
[White "Bogushevskaya, Natalia"]
[Black "Glenda, Baylon"]
[Result "1-0"]
[WhiteElo "1855"]
[BlackElo "1880"]
[PlyCount "61"]
[GameId "2160767910311508"]
[EventDate "2008.09.14"]
[EventType "tourn"]
[EventRounds "5"]
[EventCountry "CAN"]
[SourceTitle "EXT 2011"]
[Source "ChessBase"]
[SourceDate "2011.11.26"]
[SourceVersion "1"]
[SourceVersionDate "2011.11.26"]
[SourceQuality "1"]

1. d4 Nf6 2. c4 g6 3. Nc3 Bg7 4. e4 d6 5. Nge2 O-O 6. g3 Bg4 7. Bg2 Nc6 8. Be3 e5 9. Qd2 Bxe2 10. Nxe2 exd4 11. Nxd4 Nxd4 12. Bxd4 Re8 13. f3 Nd7 14. Bxg7 Kxg7 15. Qd4+ Kg8 16. O-O Re5 17. Rf2 Nf6 18. Raf1 Qe7 19. f4 Rh5 20. Bf3 Rh6 21. e5 Ne8 22. Bxb7 c5 23. Qe4 Rd8 24. Bd5 Kf8 25. f5 g5 26. f6 Qxe5 27. Qxe5 dxe5 28. Rf5 g4 29. Rxe5 Rxf6 30. Rxe8+ Rxe8 31. Rxf6 1-0

[Event "Toronto-ch w"]
[Site "Toronto CAN"]
[Date "2008.09.28"]
[Round "3"]
[White "Kagramanov, Dalia"]
[Black "Orlova, Yelizaveta"]
[Result "0-1"]
[WhiteElo "1801"]
[BlackElo "2001"]
[PlyCount "110"]
[GameId "2160767910311509"]
[EventDate "2008.09.14"]
[EventType "tourn"]
[EventRounds "5"]
[EventCountry "CAN"]
[SourceTitle "EXT 2011"]
[Source "ChessBase"]
[SourceDate "2011.11.26"]
[SourceVersion "1"]
[SourceVersionDate "2011.11.26"]
[SourceQuality "1"]

1. e4 c5 2. Nf3 Nc6 3. d4 cxd4 4. Nxd4 Qb6 5. Nb3 g6 6. Nc3 Bg7 7. Nd5 Qd8 8. Bf4 d6 9. c3 Nf6 10. Nxf6+ Bxf6 11. Bh6 Qc7 12. Be2 Rg8 13. Qd2 g5 14. Bh5 Be6 15. Nd4 Bc4 16. Nxc6 Qxc6 17. Qe3 Qb6 18. Qxb6 axb6 19. a3 b5 20. Kd2 Kd7 21. h3 Ra6 22. g3 d5 23. exd5 Bxd5 24. Rhe1 Bh8 25. Bg4+ Kd8 26. Bxg5 Rxg5 27. Re3 Rd6 28. Kc2 e6 29. Be2 f5 30. f4 Rg7 31. Bxb5 Be4+ 32. Kc1 Rc7 33. g4 Bd4 34. Re1 Rc8 35. a4 Bf2 36. Re2 Bg3 37. b4 Rxc3+ 38. Kb2 Bxf4 39. Kxc3 Be5+ 40. Kb3 Bxa1 41. gxf5 exf5 42. Re1 Bd4 43. Rd1 Ke7 44. Rc1 Bd5+ 45. Kc2 Be3 46. Re1 f4 47. Kc3 Bc6 48. Bxc6 Rxc6+ 49. Kd3 Kf6 50. Re2 Ke5 51. Rg2 Rd6+ 52. Ke2 Rd2+ 53. Kf3 Rxg2 54. Kxg2 Ke4 55. b5 f3+ 0-1

[Event "Toronto-ch w"]
[Site "Toronto CAN"]
[Date "2008.09.28"]
[Round "3"]
[White "Serbanescu, Natasa"]
[Black "Barron, Irina"]
[Result "0-1"]
[WhiteElo "1850"]
[BlackElo "2030"]
[PlyCount "84"]
[GameId "2160767910311510"]
[EventDate "2008.09.14"]
[EventType "tourn"]
[EventRounds "5"]
[EventCountry "CAN"]
[SourceTitle "EXT 2011"]
[Source "ChessBase"]
[SourceDate "2011.11.26"]
[SourceVersion "1"]
[SourceVersionDate "2011.11.26"]
[SourceQuality "1"]

1. e4 c5 2. Nf3 Nc6 3. d4 cxd4 4. Nxd4 Nf6 5. Nc3 d6 6. Be2 e6 7. O-O Be7 8. Be3 O-O 9. a3 a6 10. b4 Bd7 11. Nb3 b5 12. f4 Qc7 13. Bd3 Nxb4 14. axb4 Qxc3 15. Bd4 Qc7 16. e5 dxe5 17. fxe5 Nd5 18. Bxh7+ Kxh7 19. Qh5+ Kg8 20. Rf3 Qxc2 21. Rh3 f6 22. Rf1 Be8 23. Qh8+ Kf7 24. Qh5+ Qg6 25. Qf3 Kg8 26. Rg3 Qh5 27. Qe4 f5 28. Qc2 Bd7 29. Nc5 Rac8 30. Qf2 Rc7 31. Rh3 Qg4 32. Rg3 Qh4 33. Qd2 Bc8 34. Rff3 g5 35. Rh3 Qg4 36. Rfg3 Qf4 37. Qd1 g4 38. Rh5 Rf7 39. Rd3 Bxc5 40. Bxc5 Rh7 41. Rxh7 Kxh7 42. Bd6 Rc1 0-1

[Event "Toronto-ch w"]
[Site "Toronto CAN"]
[Date "2008.10.05"]
[Round "4"]
[White "Barron, Irina"]
[Black "Orlova, Yelizaveta"]
[Result "1-0"]
[WhiteElo "2030"]
[BlackElo "2001"]
[PlyCount "81"]
[GameId "2160767910319704"]
[EventDate "2008.09.14"]
[EventType "tourn"]
[EventRounds "5"]
[EventCountry "CAN"]
[SourceTitle "EXT 2011"]
[Source "ChessBase"]
[SourceDate "2011.11.26"]
[SourceVersion "1"]
[SourceVersionDate "2011.11.26"]
[SourceQuality "1"]

1. d4 c5 2. d5 e5 3. e4 d6 4. g3 Be7 5. c4 Bg5 6. Nc3 Bxc1 7. Qxc1 Nh6 8. Bg2 O-O 9. Nge2 f5 10. O-O Qe7 11. Qd2 Nd7 12. exf5 Nxf5 13. Rae1 a6 14. a4 Nf6 15. Ne4 Bd7 16. b3 b5 17. axb5 axb5 18. f4 Ng4 19. h3 Nge3 20. Rf3 bxc4 21. Rxe3 Nxe3 22. Qxe3 Ra3 23. Qc1 Rxb3 24. Qxc4 Rb4 25. Qc3 Bf5 26. Nf2 Re8 27. g4 Bb1 28. f5 Qg5 29. Ng3 Reb8 30. Nge4 Qe7 31. g5 Rb3 32. Qc1 Qc7 33. g6 Rf8 34. gxh7+ Kh8 35. Qg5 Rb6 36. f6 gxf6 37. Nxf6 Qg7 38. Qxg7+ Kxg7 39. Nd7 Rfb8 40. Nxb8 Rxb8 41. Ne4 1-0

[Event "Toronto-ch w"]
[Site "Toronto CAN"]
[Date "2008.10.05"]
[Round "4"]
[White "Baylon, Glenda"]
[Black "Serbanescu, Natasa"]
[Result "1-0"]
[WhiteElo "1880"]
[BlackElo "1850"]
[PlyCount "67"]
[GameId "2160767910319705"]
[EventDate "2008.09.14"]
[EventType "tourn"]
[EventRounds "5"]
[EventCountry "CAN"]

1. d4 d5 2. c4 e6 3. Nc3 Nf6 4. Nf3 h6 5. e3 c5 6. dxc5 Bxc5 7. cxd5 exd5 8. Bb5+ Nc6 9. O-O O-O 10. a3 Bg4 11. b4 Bd6 12. h3 Bh5 13. Be2 Ne5 14. Nxe5 Bxe2 15. Qxe2 Bxe5 16. Bb2 Bxc3 17. Bxc3 Ne4 18. Bd4 a5 19. b5 Qd7 20. Rfd1 Qe6 21. Qb2 Qg6 22. Be5 Rfd8 23. Rac1 Rd7 24. b6 Ng5 25. Kh2 Ne6 26. Qb5 Rdd8 27. Bc7 Rdc8 28. Qxd5 Nxc7 29. bxc7 Qb6 30. Qd7 a4 31. Rd4 Qa5 32. Rf4 f6 33. Rg4 Qe5+ 34. f4 1-0

[Event "Toronto-ch w"]
[Site "Toronto CAN"]
[Date "2008.10.05"]
[Round "4"]
[White "Bogushevskaya, Natalia"]
[Black "Kagramanov, Dalia"]
[Result "0-1"]
[WhiteElo "1855"]
[BlackElo "1801"]
[PlyCount "100"]
[GameId "2160767910319706"]
[EventDate "2008.09.14"]
[EventType "tourn"]
[EventRounds "5"]
[EventCountry "CAN"]
[SourceTitle "EXT 2011"]
[Source "ChessBase"]
[SourceDate "2011.11.26"]
[SourceVersion "1"]
[SourceVersionDate "2011.11.26"]
[SourceQuality "1"]

1. Nf3 Nf6 2. c4 g6 3. Nc3 d5 4. e3 Bg7 5. d4 O-O 6. cxd5 Nxd5 7. Bc4 Nxc3 8. bxc3 c5 9. O-O Nc6 10. Bb2 Bg4 11. h3 Bxf3 12. Qxf3 Qc7 13. Be2 Rad8 14. Rab1 Rfe8 15. Rfd1 a6 16. d5 Ne5 17. Qg3 c4 18. f4 Nd7 19. e4 Qc5+ 20. Kh1 Nf6 21. Qf3 b5 22. Bc1 Nd7 23. Be3 Qc7 24. Bd4 Nb6 25. Qe3 Bxd4 26. Qxd4 Na4 27. e5 Qc5 28. Qxc5 Nxc5 29. Rd4 f5 30. g3 Ne4 31. Rxe4 fxe4 32. Rd1 Rf8 33. Kg2 g5 34. fxg5 Rf5 35. d6 Rxe5 36. d7 Rxg5 37. h4 Rg6 38. h5 Rd6 39. Rxd6 exd6 40. Bg4 d5 41. Be6+ Kg7 42. Kf2 Kf6 43. Bxd5 Rxd7 44. Bxe4 Rd2+ 45. Ke3 Rxa2 46. Bxh7 Kg5 47. Bg6 a5 48. Bf7 a4 49. Be8 Rb2 50. Kd4 a3 0-1

[Event "Toronto-ch w"]
[Site "Toronto CAN"]
[Date "2008.10.13"]
[Round "5"]
[White "Kagramanov, Dalia"]
[Black "Barron, Irina"]
[Result "1/2-1/2"]
[WhiteElo "1801"]
[BlackElo "2030"]
[PlyCount "31"]
[GameId "2160767910319708"]
[EventDate "2008.09.14"]
[EventType "tourn"]
[EventRounds "5"]
[EventCountry "CAN"]
[SourceTitle "EXT 2011"]
[Source "ChessBase"]
[SourceDate "2011.11.26"]
[SourceVersion "1"]
[SourceVersionDate "2011.11.26"]
[SourceQuality "1"]

1. e4 c5 2. Nf3 Nc6 3. d4 cxd4 4. Nxd4 Nf6 5. Nc3 d6 6. Bg5 e6 7. Qd2 a6 8. Be2 Bd7 9. O-O Be7 10. Rad1 Nxd4 11. Qxd4 Bc6 12. Bxf6 Bxf6 13. Qxd6 Qxd6 14. Rxd6 Bxc3 15. bxc3 Bxe4 16. Bd3 1/2-1/2

[Event "Toronto-ch w"]
[Site "Toronto CAN"]
[Date "2008.10.14"]
[Round "5"]
[White "Orlova, Yelizaveta"]
[Black "Baylon, Glenda"]
[Result "1-0"]
[WhiteElo "2001"]
[BlackElo "1880"]
[PlyCount "55"]
[GameId "2160767910319709"]
[EventDate "2008.09.14"]
[EventType "tourn"]
[EventRounds "5"]
[EventCountry "CAN"]

1. d4 d5 2. Nf3 Nf6 3. g3 g6 4. Bg2 Bg7 5. O-O O-O 6. c4 c6 7. b3 Bf5 8. Bb2 Nbd7 9. Nc3 Ne4 10. Nh4 Nxc3 11. Bxc3 Be6 12. Qd3 f5 13. cxd5 Bxd5 14. f3 e5 15. e4 exd4 16. Bxd4 fxe4 17. fxe4 Be6 18. Bxg7 Kxg7 19. Qd6 Re8 20. Qd4+ Kg8 21. Kh1 Qe7 22. Rae1 c5 23. Qc3 Rf8 24. Nf5 Bxf5 25. exf5 Qg7 26. Bd5+ Kh8 27. Qxg7+ Kxg7 28. Re7+ 1-0

[Event "Toronto-ch w"]
[Site "Toronto CAN"]
[Date "2008.10.19"]
[Round "5"]
[White "Bogushevskaya, Natalia"]
[Black "Serbanescu, Natasa"]
[Result "0-1"]
[WhiteElo "1855"]
[BlackElo "1850"]
[PlyCount "62"]
[GameId "2160767910319711"]
[EventDate "2008.09.14"]
[EventType "tourn"]
[EventRounds "5"]
[EventCountry "CAN"]
[SourceTitle "EXT 2011"]
[Source "ChessBase"]
[SourceDate "2011.11.26"]
[SourceVersion "1"]
[SourceVersionDate "2011.11.26"]
[SourceQuality "1"]

1. d4 d5 2. c4 e6 3. Nc3 Nf6 4. Bg5 Nbd7 5. e3 c6 6. c5 e5 7. Nge2 exd4 8. exd4 g6 9. Qd2 Bg7 10. Bh6 O-O 11. Bxg7 Kxg7 12. Ng3 Re8+ 13. Be2 Ne4 14. Ncxe4 dxe4 15. h4 Qe7 16. O-O-O e3 17. Qc3 Nf6 18. d5 exf2 19. d6 Qe3+ 20. Qxe3 Rxe3 21. Bf3 Bg4 22. Bxg4 Nxg4 23. Nf1 Re1 24. Nd2 Rxh1 25. Rxh1 Ne3 26. Nf1 Nxg2 27. Kd2 Rd8 28. Ke2 Nf4+ 29. Kxf2 Nd3+ 30. Ke3 Nxc5 31. h5 Rxd6 0-1

[Event "Training tournament"]
[Site "Victoria CAN"]
[Date "2008.10.09"]
[Round "1"]
[White "Moore, Harry"]
[Black "Gansvind, Valeriya"]
[Result "1-0"]
[WhiteElo "2265"]
[BlackElo "2310"]
[PlyCount "89"]
[GameId "2160767910311309"]
[EventDate "2008.10.09"]
[EventType "tourn"]
[EventRounds "6"]
[EventCountry "CAN"]

1. d4 g6 2. c4 d6 3. Nc3 Bg7 4. e4 c6 5. Nf3 Bg4 6. Be3 Qb6 7. Qd2 Bxf3 8. gxf3 Nd7 9. O-O-O Qa5 10. Kb1 Ngf6 11. Be2 c5 12. f4 cxd4 13. Bxd4 a6 14. c5 O-O 15. e5 Ne8 16. exd6 exd6 17. Bxg7 Nxg7 18. cxd6 Qb6 19. Qe3 Rfe8 20. Qxb6 Nxb6 21. Bf3 Rab8 22. Ne4 Red8 23. Nc5 Nf5 24. d7 Nh4 25. Bxb7 Na4 26. Nxa4 Rxb7 27. Nc5 Rc7 28. Nxa6 Rcxd7 29. Rxd7 Rxd7 30. b4 Nf3 31. b5 Nd2+ 32. Kc2 Nc4 33. Kc3 Nb6 34. Nc5 Rd5 35. Kb4 Rf5 36. Nd3 Nd5+ 37. Ka5 Nc3 38. a4 Rd5 39. Nb4 Rd8 40. b6 Ne4 41. Rc1 Nd6 42. Nc6 Ra8+ 43. Na7 Kg7 44. Ka6 Rb8 45. Rc6 1-0